Civil war and the partition of Afghanistan : (Record no. 2978)

000 -LEADER
fixed length control field 01475cam a2200349 i 4500
001 - CONTROL NUMBER
control field 17100328
003 - CONTROL NUMBER IDENTIFIER
control field OSt
005 - DATE AND TIME OF LATEST TRANSACTION
control field 20180117085953.0
008 - FIXED-LENGTH DATA ELEMENTS--GENERAL INFORMATION
fixed length control field 111229s2011 pk b 001 0 eng
010 ## - LIBRARY OF CONGRESS CONTROL NUMBER
LC control number 2011314990
020 ## - INTERNATIONAL STANDARD BOOK NUMBER
International Standard Book Number 9789694073965
025 ## - OVERSEAS ACQUISITION NUMBER
Overseas acquisition number P-E-2011314990; 28
037 ## - SOURCE OF ACQUISITION
Source of stock number/acquisition Library of Congress -- Islamabad Overseas Office
Terms of availability Rs 695.00
040 ## - CATALOGING SOURCE
Original cataloging agency DLC
Language of cataloging eng
Transcribing agency DLC
Description conventions rda
Modifying agency DLC
042 ## - AUTHENTICATION CODE
Authentication code lcode
-- pcc
043 ## - GEOGRAPHIC AREA CODE
Geographic area code a-af---
050 00 - LIBRARY OF CONGRESS CALL NUMBER
Classification number DS371.4
Item number .J345 2011
100 1# - MAIN ENTRY--PERSONAL NAME
Personal name Jalālzaʼī, Mūsá K̲h̲ān,
Relator term author.
245 10 - TITLE STATEMENT
Title Civil war and the partition of Afghanistan :
Remainder of title independent Pashtunistan, Khurasan, Blackwater and warlord militias /
Statement of responsibility, etc. Musa Khan Jalalzai.
260 ## - PUBLICATION, DISTRIBUTION, ETC.
Place of publication, distribution, etc. Karachi
Name of publisher, distributor, etc. Royal book company
Date of publication, distribution, etc. 2011
300 ## - PHYSICAL DESCRIPTION
Extent xvii, 222 pages ;
Dimensions 22 cm
504 ## - BIBLIOGRAPHY, ETC. NOTE
Bibliography, etc. note Includes bibliographical references (pages 210-215) and index.
650 #0 - SUBJECT ADDED ENTRY--TOPICAL TERM
Topical term or geographic name entry element War on Terrorism, 2001-2009.
650 #0 - SUBJECT ADDED ENTRY--TOPICAL TERM
Topical term or geographic name entry element Afghan War, 2001-
650 #0 - SUBJECT ADDED ENTRY--TOPICAL TERM
Topical term or geographic name entry element Pushtuns
General subdivision Politics and government.
651 #0 - SUBJECT ADDED ENTRY--GEOGRAPHIC NAME
Geographic name Afghanistan
General subdivision Politics and government
Chronological subdivision 2001-
906 ## - LOCAL DATA ELEMENT F, LDF (RLIN)
a 7
b cbc
c origode
d 3
e ncip
f 20
g y-gencatlg
942 ## - ADDED ENTRY ELEMENTS (KOHA)
Source of classification or shelving scheme
Koha item type Book
Holdings
Withdrawn status Lost status Source of classification or shelving scheme Damaged status Not for loan Collection code Permanent Location Current Location Shelving location Date acquired Total Checkouts Full call number Barcode Date last seen Price effective from Koha item type Total Renewals Date last checked out
            Central Library (CL) Central Library (CL) General Stacks 03/30/2016   958.1047 JAL S3H-S-731 03/30/2016 03/30/2016 Book    
            Central Library (CL) Central Library (CL) General Stacks 03/30/2016 1 958.1047 JAL S3H-S-730 10/29/2020 03/30/2016 Book 1 08/09/2019
© 2023 Central Library, National University of Sciences and Technology. All Rights Reserved.